|
|
|
|
| LEADER |
00615cam a2200169 7i4500 |
| 001 |
0000029473 |
| 005 |
20130423090000.0 |
| 090 |
0 |
0 |
|a M 389.63
|b MAL
|
| 110 |
2 |
0 |
|a Malaysia External Trade Development Corporation (MATRADE)
|
| 245 |
2 |
0 |
|a Malaysia trade performance 2012.
|
| 260 |
0 |
0 |
|a Kuala Lumpur:
|b MATRADE,
|c 2012.
|
| 300 |
# |
# |
|a 31 p.
|
| 650 |
0 |
0 |
|a Trade --
|x Performance --
|y 2012 --
|z Malaysia
|
| 651 |
0 |
0 |
|a Malaysia
|
| 710 |
2 |
1 |
|a Ministry of International Trade and Industry Malaysia (MITI)
|
| 999 |
|
|
|a 0000032707
|b Book
|c Malaysia
|e Business Information Centre
|
| 999 |
|
|
|a 0000032541
|b Book
|c Malaysia
|e Business Information Centre
|